SPECTROSCOPY PRINCIPLES AND INSTRUMENTATION (Record no. 22402)

MARC details
000 -LEADER
fixed length control field 00310nam a22001337a 4500
003 - CONTROL NUMBER IDENTIFIER
control field SGT
020 ## - INTERNATIONAL STANDARD BOOK NUMBER
International Standard Book Number 978-1-119-4366-4-5
082 ## - DEWEY DECIMAL CLASSIFICATION NUMBER
Classification number 535.05
Item number VIT
100 ## - MAIN ENTRY--PERSONAL NAME
Personal name VITHA, MARK F.
245 ## - TITLE STATEMENT
Title SPECTROSCOPY PRINCIPLES AND INSTRUMENTATION
260 ## - PUBLICATION, DISTRIBUTION, ETC. (IMPRINT)
Place of publication, distribution, etc USA
Name of publisher, distributor, etc WILEY PUB.
Year of Publication 2019
300 ## - PAGE DESCRIPTION
No. of Pages 322
942 ## - ADDED ENTRY ELEMENTS (KOHA)
Source of classification or shelving scheme Dewey Decimal Classification
Koha item type Books
Holdings
Withdrawn status Lost status Source of classification or shelving scheme Damaged status Not for loan Collection code Home library Current library Shelving location Date acquired Vendor Name SGTU Bill Number Full call number Accession No. (Barcode) Date last seen Bill Date Koha item type
    Dewey Decimal Classification   Not For Loan SCIENCE SGT Science & Social Sciences Library SGT Science & Social Sciences Library Reference Book 04/03/2022 ABC SGTU 13842 535.05 VIT PS6634 04/03/2022   Books